000 00423nam a2200157Ia 4500
008 230917s9999||||xx |||||||||||||| ||und||
040 _e77728
_aMAIN
041 _aEnglish
082 _a345 K156S
100 _aKathuria, R P
245 0 _aSupreme court on criminal law 1950 to 1990, v1 A to D, viii P to Z
250 _a4th ed.
260 _aNew Delhi
_bKathuria's publications
_c1990
300 _a1481 p.
942 _cBK
999 _c67549
_d67549